Business Statistics and Business Mathematics (Record no. 13917)

MARC details
000 -LEADER
fixed length control field 00476nam a22001817a 4500
003 - CONTROL NUMBER IDENTIFIER
control field OSt
008 - FIXED-LENGTH DATA ELEMENTS--GENERAL INFORMATION
fixed length control field 260424b |||||||| |||| 00| 0 eng d
020 ## - INTERNATIONAL STANDARD BOOK NUMBER
International Standard Book Number 9789351611431
082 ## - DEWEY DECIMAL CLASSIFICATION NUMBER
Classification number 519.5 GUB
100 ## - MAIN ENTRY--PERSONAL NAME
Personal name GUPTA, S.P. and GUPTA,P.K.
245 ## - TITLE STATEMENT
Title Business Statistics and Business Mathematics
250 ## - EDITION STATEMENT
Edition statement 5th Revised edition
260 ## - PUBLICATION, DISTRIBUTION, ETC. (IMPRINT)
Place of publication, distribution, etc New Delhi,
Name of publisher, distributor, etc Sultan Chand & Sons,
Date of publication, distribution, etc 2022,
300 ## - PHYSICAL DESCRIPTION
Extent MISC.
650 ## - SUBJECT ADDED ENTRY--TOPICAL TERM
Topical term or geographic name as entry element Commerce
942 ## - ADDED ENTRY ELEMENTS (KOHA)
Source of classification or shelving scheme Dewey Decimal Classification
Koha item type Text Books
Holdings
Withdrawn status Lost status Source of classification or shelving scheme Damaged status Not for loan Collection code Home library Current library Date acquired Source of acquisition Currency Cost, normal purchase price Bill Number Total Checkouts Full call number Acc. no. / Barcode Date last seen Actual Cost, discounted price Bill Date Koha item type
    Dewey Decimal Classification     B.Com. Hons PIET NCR College Library PIET NCR College Library 21/04/2026 Zafaa Books & Distributers In Rupees 650.00 ZDB-2026-27-0022   519.5 GUB N4410 24/04/2026 520.00 21/04/2026 Reference Books
    Dewey Decimal Classification     B.Com. Hons PIET NCR College Library PIET NCR College Library 21/04/2026 Zafaa Books & Distributers In Rupees 650.00 ZDB-2026-27-0022   519.5 GUB N4411 24/04/2026 520.00 21/04/2026 Text Books

Design & Developed by: PIET Central Library
R70 Miles Stone Pattikalyana Samalkha Panipat 132102
mail ID :- [email protected], Phone No:- 0180-2569700 Ex.216